000
00354nam a2200157Ia 4500
003
0STCL
008
150530s9999 xx 000 0 und d
040
_a
STCL
_c
STCL
100
_a
Abhaydev,C. Ed.
245
_a
N.B.S Hindi-Malayalam Dictionary
260
_c
1985
546
_a
English
942
_2
ddc
_c
BK
999
_c
45395
_d
45395
005
20220125170649.0